• 首页
  • 本馆介绍
  • 公告通知
  • 最新文献
  • 馆藏检索
  • 电子资源
  • 读者导购
  • 参考咨询
  • 我的图书馆
  • 登录
  • 详细信息显示
  • 放入我的书架
  • 预约/预借图书
  • 作者相关作品
  • 分类相关作品
  • 丛书相关作品
  • 出版社相关作品

书目信息

  • 表格格式
  • 工作单格式
  • 卡片格式
题名:
劳动教育
    
 
作者: 徐国庆 主编
分册:  
出版信息: 北京   高等教育出版社  2020.7
页数: 180页
开本: 26cm
丛书名:
单 册:
中图分类: G40-015
科图分类:
主题词: 劳动教育--lao dong jiao yu--职业教育--教材
电子资源:
ISBN: 978-7-04-054658-3
000 00933nam0 2200241 450
001 2131751322
005 20210930094403.0
010    @a978-7-04-054658-3@dCNY29.80
100    @a20201011d2020 em y0chiy0120 ea
101 0  @achi
102    @aCN@b110000
105    @aa z 000yy
106    @ar
200 1  @a劳动教育@Alao dong jiao yu@f徐国庆主编
210    @a北京@c高等教育出版社@d2020.7
215    @a180页@c照片,图@d26cm
304    @a国家教材建设重点研究基地(职业教育教材建设和管理政策研究)组编
330    @a本书从思想性、知识性、时代性、思辨性和实践性五个方面出发,通过“理解劳动的意义”“树立正确的劳动态度”“锻炼劳动能力”和“尊重劳动成果”四大模块、十个章节,阐释了劳动思想、劳动知识、劳动技能和劳动实践的有关内容。
606 0  @a劳动教育@Alao dong jiao yu@x职业教育@j教材
690    @aG40-015@v5
701  0 @a徐国庆@Axu guo qing@f1971~@4主编
801  0 @aCN@b百万庄@c20210929
905    @b1303798-3801@dG40-015@e1238@f4
    
    劳动教育/徐国庆主编.-北京:高等教育出版社,2020.7
    180页:照片,图;26cm
    
    
    ISBN 978-7-04-054658-3:CNY29.80
    本书从思想性、知识性、时代性、思辨性和实践性五个方面出发,通过“理解劳动的意义”“树立正确的劳动态度”“锻炼劳动能力”和“尊重劳动成果”四大模块、十个章节,阐释了劳动思想、劳动知识、劳动技能和劳动实践的有关内容。
●
相关链接 在E读中查询图书 在五车中查询图书 在当当中查询图书 在豆瓣中查询图书


正题名:劳动教育     索取号:G40-015/1238         预约/预借

序号 登录号 条形码 馆藏地/架位号 状态 备注
1 1303798   213037989   第一样本阅览室/ [索取号:G40-015/1238] 在馆    
2 1303799   213037998   第四借阅区/ [索取号:G40-015/1238] 在馆    
3 1303800   213038005   第四借阅区/ [索取号:G40-015/1238] 在馆    
4 1303801   213038014   第四借阅区/ [索取号:G40-015/1238] 在馆    
唐山师范学院图书馆 欢迎您!
大连网信软件有限公司© 版权所有